Забытый зодчий (Запись № 539271)

Подробности
000 -МАРКЕР
контрольное поле 01471nam0a2200313 4500
001 - ИДЕНТИФИКАТОР ЗАПИСИ
контрольное поле RU\NLR\bibl\1302112
005 - ИДЕНТИФИКАТОР ВЕРСИИ
контрольное поле 20260405181431.0
035 ## - ДРУГИЕ СИСТЕМНЫЕ НОМЕРА
Идентификатор записи (NLR Aleph) 001287685
100 ## - ДАННЫЕ ОБЩЕЙ ОБРАБОТКИ
Данные общей обработки 20081203d2008 |||y0rusy50 ca
101 0# - ЯЗЫК РЕСУРСА
Язык текста, звукозаписи и т.д. русский
102 ## - СТРАНА ПУБЛИКАЦИИ ИЛИ ПРОИЗВОДСТВА
Страна публикации Российская Федерация
105 ## - ПОЛЕ КОДИРОВАННЫХ ДАННЫХ: ТЕКСТОВЫЕ МАТЕРИАЛЫ, МОНОГРАФИЧЕСКИЕ
Кодированные данные о монографическом текстовом документе y |||||||||
200 1# - ЗАГЛАВИЕ И СВЕДЕНИЯ ОБ ОТВЕТСТВЕННОСТИ
Основное заглавие Забытый зодчий
Сведения, относящиеся к заглавию Савва Иванович Чевакинский (1709-1779)
-- к 300-летию со дня рождения
Первые сведения об ответственности В.В. Смирнов
210 ## - ПУБЛИКАЦИЯ, РАСПРОСТРАНЕНИЕ И ДР.
Место издания, распространения и т.д. Вышний Волочек
Имя издателя, распространителя и т. д. [Б. и.]
Дата издания, распространения и т.д. 2008
215 ## - ФИЗИЧЕСКАЯ ХАРАКТЕРИСТИКА
Специфическое обозначение материала и объем 23 с.
Другие сведения о физической характеристике ил., портр., факс.
Размеры 20
316 ## - ПРИМЕЧАНИЯ ОБ ОСОБЕННОСТЯХ ЭКЗЕМПЛЯРА
Текст примечания С автогр. авт.
Организация и экземпляр, к которому относится поле NLR
316 ## - ПРИМЕЧАНИЯ ОБ ОСОБЕННОСТЯХ ЭКЗЕМПЛЯРА
Текст примечания автограф
Организация и экземпляр, к которому относится поле NLR:2008-4/19537
320 ## - ПРИМЕЧАНИЯ О НАЛИЧИИ В ДОКУМЕНТЕ БИБЛИОГРАФИИ / УКАЗАТЕЛЯ
Текст примечания Библиогр. в тексте примеч.
600 #1 - ИМЯ ЛИЦА КАК ПРЕДМЕТ
Начальный элемент ввода Чевакинский
Часть имени, кроме начального элемента ввода С.И.
Даты ок. 1713 - ок. 1780
Расширение инициалов личного имени Савва Иванович
Системный номер авторитетной/нормативной записи 1042813
Идентификатор авторитетной/нормативной записи RU\NLR\auth\6683851
686 ## - ИНДЕКСЫ ДРУГИХ КЛАССИФИКАЦИЙ
Индекс Щ113(2Р=Рус)44-8Чевакинский
700 #1 - ИМЯ ЛИЦА - ПЕРВИЧНАЯ ОТВЕТСТВЕННОСТЬ
Код отношения Автор
Материалы, к которым относится поле rus
Графика поля Кириллица
Начальный элемент ввода Смирнов
Часть имени, кроме начального элемента ввода В. В.
Дополнения к именам, кроме дат биограф, краевед
Даты 1956-
Расширение инициалов личного имени Владимир Васильевич
Идентификатор авторитетной/нормативной записи RU\NLR\AUTH\7772491
Системный номер авторитетной/нормативной записи 55419
702 #1 - ИМЯ ЛИЦА - ВТОРИЧНАЯ ОТВЕТСТВЕННОСТЬ
Код отношения Прочие
Материалы, к которым относится поле rus
Графика поля Кириллица
Начальный элемент ввода Чевакинский
Часть имени, кроме начального элемента ввода С. И.
Даты ок.1713-ок.1780
Расширение инициалов личного имени Савва Иванович
Идентификатор авторитетной/нормативной записи RU\NLR\AUTH\7778296
Системный номер авторитетной/нормативной записи 61224
801 #0 - ИСТОЧНИК ЗАПИСИ
Страна Российская Федерация
Организация NLR
Дата составления 20081203
Правила каталогизации RCR
801 #1 - ИСТОЧНИК ЗАПИСИ
Страна Российская Федерация
Организация NLR
Дата составления 20081203
942 ## - ДОПОЛНИТЕЛЬНЫЕ ЭЛЕМЕНТЫ ЗАПИСИ (АБИС)
Тип экземпляра АБИС Книга
980 ## - КОЛЛЕКЦИЯ
Название коллекции Национальная библиография
Экземпляры
Тип экземпляра Дата поступления Источник поступления Библиотека постоянного хранения Библиотека текущего хранения Место хранения Шифр хранения Штрих-код Статус экземпляра Стоимость
Книга 03.12.2008 Дар РНБ (Московский) РНБ (Московский) Русский книжный фонд: издания с 1957 года 2008-4/19537 1-976337    
Книга 12.04.2016 Дар РНБ (Московский) РНБ (Московский) Русский книжный фонд: издания с 1957 года 2008-4/19537 1-1243017   70.00